000 00767nam a22002177a 4500
005 20251108173248.0
008 250721s2000 xx 000 0 ara d
082 1 4 _aط/628.44/خطي
100 1 _aالخطيب، أحمد شفيق
_eمعد
245 1 0 _aالنفايات : إعادة تدويرها و إستخداماتها /
264 1 _aبيروت :
_bمكتبة لبنان،
_c2000.
300 _a48 ص. : مص.
490 0 _aكتب الفراشة : موسوعة البيئة للناشئين
650 1 7 _aالفضلات
650 1 7 _aإعادة التدوير
650 1 7 _aاستغلال الفضلات
653 _aناشئون كبار (15-18 سنة)
700 1 _aخير الله، يوسف سليمان
942 _2ddc
_cBK
999 _c99802
_d99802